| 000 | 00817cam a22002174a 4500 | ||
|---|---|---|---|
| 005 | 20250605163937.0 | ||
| 008 | 250528s ||||||||||||||||||||||||d | ||
| 035 | _a14911 | ||
| 020 | _a70699895 | ||
| 040 |
_aGR-AtMCL _bgre _dGR-AtMCL _eAACR2 |
||
| 245 | 1 | _aThe Legal Environment of Business / Third Edition | |
| 250 | _a3rd | ||
| 260 |
_bMcgraw Hill, Inc, _c1991 |
||
| 300 | _a710 | ||
| 520 | _aPreface, Introduction to Law and Business, The Foundations of Legal Systems and Business, The American Legal System, The Common Law Foundations of Capitalism, Legal Aspects of the Firm and the Regulation of Its Power, Regulation of Business Activity, Appendixes, Glossary, Index. | ||
| 700 | 1 |
_aGergacz William John _9708 |
|
| 700 | 1 |
_aWhitman Douglas _9709 |
|
| 942 | _cBK | ||
| 999 |
_c522 _d522 |
||